|
|
|
|
| LEADER |
00787nab a2200229 i 4500 |
| 001 |
publ18129 |
| 005 |
20200203114936.0 |
| 008 |
200203s2012 hu o 0|| zxx d |
| 022 |
|
|
|a 1566-7367
|
| 024 |
7 |
|
|a 10.1016/j.catcom.2011.10.028
|2 doi
|
| 024 |
7 |
|
|a 1828531
|2 mtmt
|
| 040 |
|
|
|a SZTE Publicatio Repozitórium
|b hun
|
| 041 |
|
|
|a zxx
|
| 100 |
1 |
|
|a Mastalir Ágnes
|
| 245 |
1 |
0 |
|a Synthesis and catalytic investigation of organophilic Pd/graphite oxide nanocomposites
|h [elektronikus dokumentum] /
|c Mastalir Ágnes
|
| 260 |
|
|
|c 2012
|
| 300 |
|
|
|a 104-107
|
| 490 |
0 |
|
|a CATALYSIS COMMUNICATIONS
|v 17
|
| 700 |
0 |
1 |
|a Szabó Tamás
|e aut
|
| 700 |
0 |
1 |
|a Király Zoltán
|e aut
|
| 700 |
0 |
1 |
|a Dékány Imre
|e aut
|
| 856 |
4 |
0 |
|u http://publicatio.bibl.u-szeged.hu/18129/1/CatalCommun2012.pdf
|z Dokumentum-elérés
|